00322nam a2200121Ia 4500008004100000041001200041082001600053100000800069245007700077260002900154300000900183650000800192221030s9999 xx 000 0 und d aEnglish a105.23bBPB aBPB 0aIC Master 2001 Vol. I : Function Index Master Selection Guides Icby BPB bBPB PubaNew Delhic2001 a1791 aECE